000 00420pab a2200157 454500
008 180718b2017 xxu||||| |||| 00| 0 eng d
100 _aChandra, Ram
245 _aTeaching and learning strategies in universities: swimming against the tides
260 _c2017
300 _ap.50-55.
362 _a04 Dec
650 _aTeaching skills
650 _aHigher education
773 _aUniversity News
909 _a117011
999 _c117005
_d117005